000 00599nam a2200169Ia 4500
008 110201s9999 xx 000 0 und d
082 _bB10872
_aS 2136
100 _aफडके वासंती
245 _aमुंबईचे खरे मालक कोण ?
260 _bअक्षर प्रकाशन
365 _b300
600 _aफडके वासंती
630 _aमुंबईचे खरे मालक कोण ?
700 _aफडके वासंती
730 _aमुंबईचे खरे मालक कोण ?
942 _cBOOK
999 _c836269
_d836266